000 00425nam a22001457a 4500
020 _a9788131726990
040 _cNUST
082 _a620.1 HIB
100 _aHibbeler, R.C.
245 _aEngineering Mechanics Statics & Dynamics:
_bIn SI Units
250 _a11th Edition
260 _aNew Dehli:
_bPearson Education,
_c2013.
650 _aTEXTBOOK DEE. ENGINEERING MECHANICS STATICS & DYNAMICS
_9113013
942 _2ddc
_cTEXT
999 _c594911
_d594911